000 00607nam a2200181 a 4500
005 20140412111325.0
008 001113s19uu xx 00 eng d
020 _a0-590-67298-3
050 _aTR(PS E
_bOn2 1993
100 _aPrinczes, Elinor J.
245 _aOne hundred hungry ants /
_cby Elinor J. Pinczes ; illustrated by Bonnie MacKain.
260 _aNew York :
_bScholastic Inc,
_c1993.
300 _a1 v. (unp.) ; ill.
520 _aOne hundred hungry ants marched in a row, going to a picnic but were they too slow?
650 _aAnts stories
650 _aChildren stories
999 _c104574
_d104574